|
|
|
|
| LEADER |
00000nas a2200000 a 4500 |
| 001 |
ssj0001454293 |
| 003 |
WaSeSS |
| 005 |
20200512172242.0 |
| 006 |
m d |
| 007 |
cr n |
| 008 |
080125c20079999nyuqr p s 0 0eng c |
| 010 |
|
|
|a 2008243288
|
| 016 |
7 |
|
|a 101464623
|2 DNLM
|
| 035 |
|
|
|a (WaSeSS)ssj0001454293
|
| 040 |
|
|
|a NLM
|b eng
|c NLM
|d DLC
|d OCLCQ
|d OCLCF
|d OCLCO
|d AU@
|d OCLCQ
|d WaSeSS
|
| 042 |
|
|
|a pcc
|
| 043 |
|
|
|a n-us---
|
| 050 |
0 |
0 |
|a HV5800
|b .J677
|
| 060 |
0 |
0 |
|a W1
|b JO623AD
|
| 245 |
0 |
0 |
|a Journal of drug addiction, education, and eradication
|h [electronic resource].
|
| 260 |
|
|
|a Hauppauge, NY :
|b Nova Science Publishers
|
| 310 |
|
|
|a Quarterly
|
| 362 |
1 |
|
|a Began with vol. 2, issue 3/4 (2007).
|
| 506 |
|
|
|a License restrictions may limit access.
|
| 588 |
|
|
|a Description based on first issue; title from cover.
|
| 588 |
|
|
|a Latest issue consulted: Vol. 3, no. 1/2 (2007).
|
| 650 |
|
0 |
|a Drug abuse
|x Social aspects
|v Periodicals.
|
| 650 |
|
0 |
|a Drug abuse
|x Social aspects
|z United States
|v Periodicals.
|
| 650 |
1 |
2 |
|a Substance-Related Disorders.
|
| 650 |
|
7 |
|a Drug abuse
|x Social aspects.
|2 fast
|0 (OCoLC)fst00898568
|
| 651 |
|
7 |
|a United States.
|2 fast
|0 (OCoLC)fst01204155
|
| 655 |
|
0 |
|a Electronic journals.
|
| 780 |
0 |
0 |
|t Journal of drug education and awareness
|x 1546-6965
|w (DLC) 2003215767
|w (OCoLC)53072048
|
| 850 |
|
|
|a DLC
|a DNLM
|
| 856 |
4 |
0 |
|z Full text available from Research Library: 01/01/2011 to 07/31/2015
|u https://search.proquest.com/publication/2034843
|